|
|
|
|
| LEADER |
00000nam0a2200000 4500 |
| 001 |
255244 |
| 005 |
20231101233016.0 |
| 010 |
|
|
|a 9781118024720
|
| 035 |
|
|
|a (RuTPU)RU\TPU\book\277749
|
| 090 |
|
|
|a 255244
|
| 100 |
|
|
|a 20140327d2012 k y0engy50 ba
|
| 101 |
0 |
|
|a eng
|
| 102 |
|
|
|a US
|
| 105 |
|
|
|a y z 001zy
|
| 200 |
1 |
|
|a Applied Mathematics and Modeling for Chemical Engineers
|f R. Rice, D. Do
|
| 205 |
|
|
|a 2nd ed.
|
| 210 |
|
|
|a Hoboken
|c Wiley
|d 2012
|
| 215 |
|
|
|a 383 p.
|c il.
|
| 320 |
|
|
|a Index: p. 379-383.
|
| 330 |
|
|
|a With its clear explanations, examples, and problem sets, Applied Mathematics and Modeling for Chemical Engineers has enabled thousands of chemical engineers to apply mathematical principles to successfully solve practical problems. The book introduces traditional techniques to solve ordinary differential equations as well as analytical methods to deal with important classes of finite-difference equations. It then explores techniques for solving partial differential equations from classical methods to finite-transforms, culminating with numerical methods including orthogonal collocation.This Second Edition demonstrates how classical mathematics solves a broad range of new applications that have arisen since the publication of the acclaimed first edition.
|
| 606 |
1 |
|
|a Химическая технология
|x Общие вопросы
|2 stltpush
|3 (RuTPU)RU\TPU\subj\68259
|9 83693
|
| 610 |
1 |
|
|a математические методы
|
| 610 |
1 |
|
|a математические модели
|
| 610 |
1 |
|
|a математическое моделирование
|
| 610 |
1 |
|
|a химические процессы
|
| 610 |
1 |
|
|a химические технологии
|
| 610 |
1 |
|
|a английский язык
|
| 675 |
|
|
|a 66
|v 3
|
| 700 |
|
1 |
|a Rice
|b R.
|g Richard
|
| 701 |
|
1 |
|a Do
|b D.
|g Duong
|
| 801 |
|
1 |
|a RU
|b 63413507
|c 20140327
|
| 801 |
|
2 |
|a RU
|b 63413507
|c 20141114
|g RCR
|
| 942 |
|
|
|c BK
|
| 959 |
|
|
|a 44/20140311
|d 1
|e 0
|f ЧЗИЛ:1
|